Deoghar: (Record no. 205570)

MARC details
000 -LEADER
fixed length control field 00769nam a22002057a 4500
005 - DATE AND TIME OF LATEST TRANSACTION
control field 20240905112428.0
010 ## - LCCN (DPL NO)
LC control number ENG-141647
020 ## - INTERNATIONAL STANDARD BOOK NUMBER
International Standard Book Number 9789393934826
Terms of availability 700.00
035 ## - SYSTEM CONTROL NUMBER
System control number EN-125179
037 ## - SOURCE OF ACQUISITION
Source of stock number/acquisition DBAD
082 ## - DEWEY DECIMAL CLASSIFICATION NUMBER
Classification number 954.53
Edition number 1
100 ## - MAIN ENTRY--PERSONAL NAME
Personal name Sinha, Sujata
245 ## - TITLE STATEMENT
Title Deoghar:
Remainder of title An Emerging Tourist Destination of Jharkhand/
Statement of responsibility, etc By Sujata Sinha [and] Forword By Nageshwar Sharma
250 ## - EDITION STATEMENT
Edition statement 1
260 ## - PUBLICATION, DISTRIBUTION, ETC. (IMPRINT)
Place of publication, distribution, etc New Delhi
Name of publisher, distributor, etc Shandilya Publications
Date of publication, distribution, etc 2024
270 ## - ADDRESS
Address 760, Pocket-D, Lok Nayak Puram
City New Delhi
Postal code 110041
Telephone number 9811966858
-- 9560825474
-- 9999770680
Electronic mail address shandilyapublications@gmail.com
-- shandilyabooks@gmail.com
300 ## - PHYSICAL DESCRIPTION
Extent xvi,176p.
Dimensions 22cm(Hb)
700 ## - ADDED ENTRY--PERSONAL NAME
Personal name Sharma, Nageshwar
Relator term Forword
9 (RLIN) 71070
942 ## - ADDED ENTRY ELEMENTS (KOHA)
Source of classification or shelving scheme Dewey Decimal Classification
Item type English Books
Call number suffix SIN
Classification part 954.53
Edition 1
Holdings
Withdrawn status Lost status Not for loan Collection code Home library Current library Date acquired Source of acquisition Cost, normal purchase price Full call number Barcode Copy number Cost, replacement price Koha item type
      Non-fiction Central Library Central Library 05/09/2024 Delivery of Books Act Division 700.00 SIN 954.53 EN-125179 1 700.00 English Books

© Delhi Public Library
Hit Counter
free hit counter